000 00538nam a22001457a 4500
005 20241212100028.0
008 240924b ||||| |||| 00| 0 eng d
082 _2DPer050 M72 January-March 2018 v. 66 no. 8-10
100 _aOrboda, Visaminda.
_eauthor.
_961542
245 _aA night of great surprise /
_cVisaminda Orboda.
260 _aPhilippines;
_bPublishers Association of the Philippines, Inc.,
_cJune 2018.
300 _aVolume 66, pages 27-28,
_billustration.
700 _aOrboda, Visaminda.
_eauthor.
_961542
942 _2ddc
_cPER
999 _c21806
_d21806